000 00547nam a2200205Ia 4500
003 OSt
005 20230415094548.0
008 210423s2011 xx 000 0 und d
020 _a9789380138626
040 _cAL
041 _aeng
082 _a823.0954 BHAN
100 _aBHAKT (N S).
_988667
245 _aNew horizons in Indian english fiction.
260 _aDelhi
_bSwastik Publishers & Distributors
_c2011
300 _aix,,213
_bHB
365 _b700
_cINR
906 _aenglish ; fiction. ; horizons ; Indian ; New
942 _2ddc
_cBK
999 _c159829
_d159829